000 00688nam a2200241Ia 4500
001 8956
005 20240113234143.0
007 ta
008 050723s1966 a g b000 u eng u
040 _aCotton College Assam
041 _aeng
082 _a820.9
_bIy 9 In
100 _aIyengar, K.R.Srinivasa.
245 0 _aIntroduction to the Study of English Literature /
_cK.R.Srinivasa Iyengar & Prema Nandakumar.
_hTextual Documents
250 _a1st ed /
260 _aNew Delhi :
_bSterling publishers ,
_c1966.
300 _a283p. :
_bill. ;
_c21cm. .
504 _aIndex
653 _aEnglishLiterature
942 _2ddc
_cBK
999 _c8943
_d8943